000 00843cam a2200229 a 4500
001 000008234
005 20200929161322.0
008 840127s1983 nq 000 0 spa
040 _aDO-SdBNP
_bspa
_cBNPHU
082 _aN864.44
_bR173b
100 1 _aRamírez, Sergio,
_d1942-
_917566
245 1 0 _aBalcanes y volcanes y otros ensayos y trabajos /
_cSergio Ramírez.
260 _aManagua, Nicaragua :
_bNueva Nicaragua,
_c1983.
300 _a202 p. ;
_c19 cm.
490 1 _aBiblioteca popular sandinista
_v19
500 _aIncluye referencias bibliográficas y notas al pie de las páginas
504 _aBibliografías : p. 110-114.
650 4 _aEnsayos nicaraguenses
_922333
650 4 _aLiteratura nicaraguense
_98180
651 4 _aAmérica Central
_xSociedades
_xLiteratura
_922334
830 0 _aBiblioteca popular sandinista ;
_n19
_922335
999 _c8005
_d8005